00481nam a2200193 a 4500001001300000003000900013005001700022008004100039020001000080082001600090100001900106245003600125260003400161300000900195500003500204505001000239650001900249700001900268nice12345678IN_TiNIC20260116012931.0050524s1917 teha grp 000 0 ara  ac10000a492.75bMOI aMoin, Mohammad aMufarad-O-Jama-O-Marifa-O-Nakra aTehranbDanishgah Pressc1917 a310p aincludes index and biblioraphy2 aIndex aArabic-Grammar1 aMoin, Mohammad